01242nam a2200325Ia 4500001001200000003000800012006001900020007001500039008004100054020002200095020002500117040002100142035002100163050002300184100003100207245009000238250001200328260003000340300001500370500003200385504005100417533015200468650002800620651003600648651004100684655002900725710001700754856012600771999001900897ebr10437741CaPaEBRm u cr cn|||||||||050420s2005 enk fsb 001 0 eng d z1861974434 (pbk.) z9781861974433 (pbk.) aCaPaEBRcCaPaEBR a(OCoLC)70451715414aDA959b.F47 2005eb1 aFerriter, Diarmaid,d1972-14aThe transformation of Ireland, 1900-2000h[electronic resource] /cDiarmaid Ferriter. aPbk ed. aLondon :bProfile,c2005. axi, 896 p. aOriginally published: 2004. aIncludes bibliographical references and index. aElectronic reproduction.bPalo Alto, Calif. :cebrary,d2011.nAvailable via World Wide Web.nAccess may be limited to ebrary affiliated libraries. 0aSocial changezIreland. 0aIrelandxHistoryy20th century. 0aIrelandxCivilizationy20th century. 7aElectronic books.2local2 aebrary, Inc.40uhttp://site.ebrary.com/lib/rucke/Doc?id=10437741zAn electronic book accessible through the World Wide Web; click to view c133598d133598